Упругое ρ4 He-рассеяние на малые углы при энергии 992 МэВ; Ядерная физика; Т. 35, № 2

Bibliografske podrobnosti
Parent link:Ядерная физика/ Российская академия наук.— , 1965-.— 0044-0027
Т. 35, № 2.— 1982.— С. 270-276
Drugi avtorji: Величко Г. Н., Воробьев А. А. Александр Акимович, Залите Ю. К., Королев Г. А., Маев Е. М., Терентьев Н. К., Терьен И., Ханзадеев А. В.
Jezik:ruščina
Izdano: 1982
Teme:
Format: MixedMaterials Book Chapter
KOHA link:https://koha.lib.tpu.ru/cgi-bin/koha/opac-detail.pl?biblionumber=421819

MARC

LEADER 00000naa2a2200000 4500
001 421819
005 20231101073643.0
035 |a (RuTPU)RU\TPU\prd\79579 
090 |a 421819 
100 |a 20100402a1982 k y0rusy50 ca 
101 0 |a rus 
102 |a RU 
200 1 |a Упругое ρ4 He-рассеяние на малые углы при энергии 992 МэВ  |f Г. Н. Величко [и др.] 
320 |a Библиогр.: 27 назв. 
461 0 |0 (RuTPU)RU\TPU\prd\397  |x 0044-0027  |t Ядерная физика  |f Российская академия наук  |d 1965- 
463 0 |0 (RuTPU)RU\TPU\prd\24496  |t Т. 35, № 2  |v С. 270-276  |d 1982 
610 1 |a труды учёных ТПУ 
701 1 |a Величко  |b Г. Н. 
701 1 |a Воробьев  |b А. А.  |c российский физик  |c ректор Томского политехнического института, профессор  |f 1909-1981  |g Александр Акимович  |2 stltpush  |3 (RuTPU)RU\TPU\pers\12805 
701 1 |a Залите  |b Ю. К. 
701 1 |a Королев  |b Г. А. 
701 1 |a Маев  |b Е. М. 
701 1 |a Терентьев  |b Н. К. 
701 1 |a Терьен  |b И. 
701 1 |a Ханзадеев  |b А. В. 
801 1 |a RU  |b 63413507  |c 20100402 
801 2 |a RU  |b 63413507  |c 20100402  |g RCR 
942 |c BK